000 00286nam a2200133Ia 4500
100 _aZeldovich/Y.B
942 _cBK
654 _amaths
245 _aHigher Mathematics For Beginners
260 _bMir Publishers
_aMoscow
_c1973
082 _a518
300 _a496
546 _aENGLISH
999 _c31069
_d31069